000 00880nam a22002417a 4500
999 _c2293
_d2293
001 2293
003 BD-JhCC
005 20190925134018.0
008 171031b2012 bg |||| |||| 000 0 ben d
020 _a9789848941010
035 _a(BD-JhCC)2293
040 _aBD-JhCC
_dBD-JhCC
041 _aben
082 _a510
_bADR 2012
100 _aঅ্যাড্রিয়ান, ড. ওয়াই ই ও
245 _aPi, e ও অন্যান্য মজার সংখ্যা /
_cড. ওয়াই ই ও অ্যাড্রিয়ান অনুবাদ আবুল বাসার
260 _aঢাকা :
_bঅধুনা প্রকাশন,
_c২০১২.
300 _a২০৭ পৃ. :
_c২২ সেমি .
650 _aMathematical Recreation
700 _aবাসার, আবুল
942 _2ddc
_cBK
_03